Unlocking opportunities for growth : (Record no. 140262)

MARC details
000 -LEADER
fixed length control field 00963cam a2200241 a 4500
001 - CONTROL NUMBER
control field vtls003222311
003 - CONTROL NUMBER IDENTIFIER
control field MY-SjTCS
005 - DATE AND TIME OF LATEST TRANSACTION
control field 20200226114922.0
008 - FIXED-LENGTH DATA ELEMENTS--GENERAL INFORMATION
fixed length control field 110811s2009 njua b 001 0 eng
020 ## - INTERNATIONAL STANDARD BOOK NUMBER
International Standard Book Number 9780132237901 (hbk.)
020 ## - INTERNATIONAL STANDARD BOOK NUMBER
International Standard Book Number 0132237903 (hbk.)
039 #9 - LEVEL OF BIBLIOGRAPHIC CONTROL AND CODING DETAIL [OBSOLETE]
Level of rules in bibliographic description 201112171210
Level of effort used to assign nonsubject heading access points shuhada
Level of effort used to assign subject headings 201112171209
Level of effort used to assign classification shuhada
Level of effort used to assign subject headings 201112080927
Level of effort used to assign classification izani
-- 201108111504
-- malathy
082 04 - DEWEY DECIMAL CLASSIFICATION NUMBER
Classification number 658.1554
Item number PUT 2009
100 1# - MAIN ENTRY--PERSONAL NAME
Personal name Putten, Alexander B. van.
9 (RLIN) 54998
245 10 - TITLE STATEMENT
Title Unlocking opportunities for growth :
Remainder of title how to profit from uncertainty while limiting your risk /
Statement of responsibility, etc. Alexander B. van Putten and Ian C. MacMillan.
260 ## - PUBLICATION, DISTRIBUTION, ETC.
Place of publication, distribution, etc. Upper Saddle River, N.J. :
Name of publisher, distributor, etc. Wharton School Pub.,
Date of publication, distribution, etc. c2009.
300 ## - PHYSICAL DESCRIPTION
Extent xii, 161 p. :
Other physical details ill. ;
Dimensions 24 cm.
504 ## - BIBLIOGRAPHY, ETC. NOTE
Bibliography, etc. note Includes bibliographical references (p. 149-154) and index.
650 #0 - SUBJECT ADDED ENTRY--TOPICAL TERM
Topical term or geographic name entry element Investment analysis.
650 #0 - SUBJECT ADDED ENTRY--TOPICAL TERM
Topical term or geographic name entry element Corporations
General subdivision Valuation.
9 (RLIN) 11217
700 1# - ADDED ENTRY--PERSONAL NAME
Personal name MacMillan, Ian C.,
Dates associated with a name 1940-
9 (RLIN) 54999
920 ## - Programme
Programme DIB : 170679
Holdings
Withdrawn status Lost status Source of classification or shelving scheme Damaged status Not for loan Home library Current library Date acquired Total Checkouts Barcode Date last seen Date last checked out Copy number Uniform Resource Identifier Koha item type Public note
    Dewey Decimal Classification     Taylor's Library-TU Taylor's Library-TU 25/10/2011 1 5000124150 05/12/2019 26/03/2012 1 Floor 4, Shelf 24 , Side 2, TierNo 4, BayNo 3 Main Collection TBSxx,28000,03,CL